Štyri piliere lesníckej budúcnosti

Bibliographic Details
Main Author: Marko, Jozef (Author, Interviewer)
Format: Article
Language:Slovak
PhysicalDescription:Fotogr.
ISSN:1337-088X
Subjects:

MARC

LEADER 00000nab a2200000 a 4500
001 vtls009347362
003 SK-MaSNL
005 20260304172912.0
008 250526c2008 xo |||||||||||000 b|slo
015 |a SNBRB2008/10  |2 snkbucl 
035 |a (uuid)9433f540-b75f-4e08-a5bf-8fe7b2cf41d4 
035 |a urn:nbn:sk:snk-ab13fb 
035 |a (urnnbn)urn:nbn:sk:snk:ar-005btg 
038 |a SNKBUCL 
040 |a SNKBUCL  |b slo  |c SNKBUCL  |e AACR2 
041 0 |a slo 
044 |a xo  |c SK 
080 |a 630*68  |x (437.6)  |2 1997 
100 1 |a Marko, Jozef  |4 ivr  |4 aut  |9 632205 
245 1 0 |a Štyri piliere lesníckej budúcnosti  |c Jozef Marko, Šimon Škoviera 
300 |b Fotogr. 
610 2 7 |a Obvodný lesný úrad (Poprad, Slovensko)  |2 snkbucl  |9 1502797 
650 0 7 |a lesníctvo  |2 snkbucl  |9 1255 
650 0 7 |a lesné hospodárstvo  |2 snkbucl  |9 1256 
650 0 7 |a štátna správa  |2 snkbucl  |9 1539 
651 7 |a Poprad (Slovensko)  |2 snkbucl  |9 20155 
700 1 |a Škoviera, Šimon  |4 ive  |9 838141 
773 0 |t Les & Slovenské lesokruhy  |g Roč. 64/7, č. 9-10 (2008), s. 16-18  |x 1337-088X 
850 |a Slovenská národná knižnica 
852 |a Slovenská národná knižnica 
954 |a odborná, vedecká literatúra pôvodná (slovenská)  |2 lita 
958 |a ONDV 
958 |a article2022 
958 |a SK 
999 |c 3000640  |d 3002570